|
|
|
|
| LEADER |
01069cam a2200253 7i4500 |
| 001 |
0000019770 |
| 005 |
20251128090000.0 |
| 020 |
|
|
|a 9679788768 (pbk.)
|
| 020 |
|
|
|a 9789679788761 (pbk.)
|
| 090 |
0 |
0 |
|a HC412
|b .G55
|
| 245 |
0 |
0 |
|a Globalisation and its impact on Asia sharing knowledge, ideas and information
|c edited by Michael Yeoh...[et al.] ; contributors Abdullah Ahmad Badawi...[et al.].
|
| 260 |
|
|
|a Subang Jaya, Selangor:
|b Pelanduk Publications (M) Sdn Bhd,
|c [n.d.].
|
| 300 |
|
|
|a 207 p.;
|c 22 cm.
|
| 336 |
|
|
|a text
|2 rdacontent
|
| 337 |
|
|
|a unmediated
|2 rdamedia
|
| 338 |
|
|
|a volume
|2 rdacarrier
|
| 500 |
|
|
|a Gift: Prof. Dato' Dr. Siddiq Fadzil
|
| 500 |
|
|
|a Gift: Selangor Business School (SBS)
|
| 650 |
0 |
0 |
|a Globalization --
|x Economic aspects --
|z Asia
|
| 700 |
1 |
|
|a Yeoh, Michael
|
| 997 |
|
|
|a Perpustakaan Peringatan Siddiq Fadzil
|
| 999 |
|
|
|a 0000022201
|b BOK
|c OPEN SHELF
|e 1st Floor, Bestari Jaya
|
| 999 |
|
|
|a 0000022202
|b BOK
|c OPEN SHELF
|e 1st Floor, Bestari Jaya
|
| 999 |
|
|
|a SFL0000537
|b BOK
|c SIDDIQ FADZIL LIBRARY
|e Perpustakaan Peringatan Siddiq Fadzil
|